| 000 | 01410cam a2200265 4500 | ||
|---|---|---|---|
| 001 | ABS64054 | ||
| 008 | 000000n2001 000 0 eng u | ||
| 035 | _a(Sirsi) u112730 | ||
| 100 | _aSpence, M | ||
| 245 | 2 | _aA logbook for land | |
| 260 | _c2001 | ||
| 490 |
_aEstates Gazette _v(0118) 5 May 2001, 169(1) |
||
| 520 | _aAdvocates the routine use of land condition reports (LCR) for land transactions. Explains the concept of a standardised form of LCR, as endorsed by the Urban Task Force and suggests that its adoption will install confidence in the investor market place; LCRs will provide detailed information on the land use of a site and explain steps needed to return it to a marketable condition. The Institute of Environmental Managers and Assessors (IEMA) has set up training courses for parties involved in issuing the reports, another measure which should promote certainty and security. Briefly looks at the related initiatives of tax relief for cleaning up contaminated land and the creation of a National Land Use Database (NLUD). | ||
| 590 | _aABS | ||
| 650 | _aLAND CONDITION REPORTS | ||
| 650 | _aURBAN TASK FORCE | ||
| 650 |
_aLand use _96251 |
||
| 650 | _aINVESTMENT MARKET | ||
| 650 | _aURBAN WHITE PAPER | ||
| 650 | _aCONTAMINATED LAND | ||
| 650 | _aTAX RELIEF | ||
| 650 | _aNATIONAL LAND USE DATABASE | ||
| 690 | _aPROPERTY AND LAND LAW-CONVEYANCING | ||
| 942 | _n0 | ||
| 999 |
_c67120 _d67120 |
||